Top Rated Movies of All Time by IMDb Description - Statistics

General Stats
  • This quiz has been taken 249 times
    89 since last reset
  • The average score is 23 of 33
Answer Stats
Rating Year Description Movie % Correct
9.2 1972 The aging patriarch of an organized crime dynasty in postwar New York City transfers control of his clandestine empire to his reluctant youngest son. The Godfather
95%
9.0 2008 When the menace known as the Joker wreaks havoc and chaos on the people of Gotham, Batman must accept one of the greatest psychological and physical tests of his ability to fight injustice. The Dark Knight
94%
9.0 2003 Gandalf and Aragorn lead the World of Men against Sauron's army to draw his gaze from Frodo and Sam as they approach Mount Doom with the One Ring. The Lord of the Rings: The Return of the King
94%
9.3 1994 Over the course of several years, two convicts form a friendship, seeking consolation and, eventually, redemption through basic compassion. The Shawshank Redemption
94%
8.9 2001 A meek Hobbit from the Shire and eight companions set out on a journey to destroy the powerful One Ring and save Middle-earth from the Dark Lord Sauron. The Lord of the Rings: The Fellowship of the Ring
92%
8.8 2002 While Frodo and Sam edge closer to Mordor with the help of the shifty Gollum, the divided fellowship makes a stand against Sauron's new ally, Saruman, and his hordes of Isengard. The Lord of the Rings: The Two Towers
92%
8.6 1977 Luke Skywalker joins forces with a Jedi Knight, a cocky pilot, a Wookiee and two droids to save the galaxy from the Empire's world-destroying battle station, while also attempting to rescue Princess Leia from the mysterious Darth Vader. Star Wars: Episode IV - A New Hope
90%
8.7 1980 After the Rebels are overpowered by the Empire, Luke Skywalker begins his Jedi training with Yoda, while his friends are pursued across the galaxy by Darth Vader and bounty hunter Boba Fett. Star Wars: Episode V - The Empire Strikes Back
90%
9.0 1974 The early life and career of Vito Corleone in 1920s New York City is portrayed, while his son, Michael, expands and tightens his grip on the family crime syndicate. The Godfather: Part II
86%
9.0 1993 In German-occupied Poland during World War II, industrialist Oskar Schindler gradually becomes concerned for his Jewish workforce after witnessing their persecution by the Nazis. Schindler's List
85%
8.8 1999 An insomniac office worker and a devil-may-care soapmaker form an underground fight club that evolves into something much, much more. Fight Club
82%
8.8 1994 The history of the United States from the 1950s to the '70s unfolds from the perspective of an Alabama man with an IQ of 75, who yearns to be reunited with his childhood sweetheart. Forrest Gump
82%
8.7 1999 When a beautiful stranger leads computer hacker Neo to a forbidding underworld, he discovers the shocking truth--the life he knows is the elaborate deception of an evil cyber-intelligence. The Matrix
81%
8.8 2010 A thief who steals corporate secrets through the use of dream-sharing technology is given the inverse task of planting an idea into the mind of a C.E.O., but his tragic past may doom the project and his team to disaster. Inception
78%
8.6 1995 Two detectives, a rookie and a veteran, hunt a serial killer who uses the seven deadly sins as his motives. Se7en
77%
8.6 2014 When Earth becomes uninhabitable in the future, a farmer and ex-NASA pilot, Joseph Cooper, is tasked to pilot a spacecraft, along with a team of researchers, to find a new planet for humans. Interstellar
73%
8.6 1991 A young F.B.I. cadet must receive the help of an incarcerated and manipulative cannibal killer to help catch another serial killer, a madman who skins his victims. The Silence of the Lambs
73%
8.9 1994 The lives of two mob hitmen, a boxer, a gangster and his wife, and a pair of diner bandits intertwine in four tales of violence and redemption. Pulp Fiction
72%
9.0 1957 The jury in a New York City murder trial is frustrated by a single member whose skeptical caution forces them to more carefully consider the evidence before jumping to a hasty verdict. 12 Angry Men
70%
8.6 1991 A cyborg, identical to the one who failed to kill Sarah Connor, must now protect her ten-year-old son John from a more advanced and powerful cyborg. Terminator 2: Judgment Day
68%
8.6 1999 A tale set on death row, where gentle giant John Coffee possesses the mysterious power to heal people's ailments. When the lead guard, Paul Edgecombe, recognizes John's gift, he tries to help stave off the condemned man's execution. The Green Mile
68%
8.6 1998 Following the Normandy Landings, a group of U.S. soldiers go behind enemy lines to retrieve a paratrooper whose brothers have been killed in action. Saving Private Ryan
67%
8.7 1990 The story of Henry Hill and his life in the mob, covering his relationship with his wife Karen Hill and his mob partners Jimmy Conway and Tommy DeVito in the Italian-American crime syndicate. Goodfellas
65%
8.7 1975 In the Fall of 1963, a Korean War veteran and criminal pleads insanity and is admitted to a mental institution, where he rallies up the scared patients against the tyrannical nurse. One Flew Over the Cuckoo's Nest
59%
8.6 1954 Farmers from a village exploited by bandits hire a veteran samurai for protection, who gathers six other samurai to join him. Seven Samurai
54%
8.6 1946 An angel is sent from Heaven to help a desperately frustrated businessman by showing him what life would have been like if he had never existed. It's a Wonderful Life
52%
8.6 2023 Miles Morales catapults across the multiverse, where he encounters a team of Spider-People charged with protecting its very existence. When the heroes clash on how to handle a new threat, Miles must redefine what it means to be a hero. Spider-Man: Across the Spider-Verse
52%
8.8 1966 A bounty hunting scam joins two men in an uneasy alliance against a third in a race to find a fortune in gold buried in a remote cemetery. The Good, the Bad and the Ugly
48%
8.6 1997 When an open-minded Jewish waiter and his son become victims of the Holocaust, he uses a perfect mixture of will, humor, and imagination to protect his son from the dangers around their camp. Life Is Beautiful
41%
8.6 2002 In the slums of Rio, two kids' paths diverge as one struggles to become a photographer and the other a kingpin. City of God
39%
8.6 2001 During her family's move to the suburbs, a sullen 10-year-old girl wanders into a world ruled by gods, witches, and spirits, and where humans are changed into beasts. Spirited Away
29%
8.6 1962 When a ronin requesting seppuku at a feudal lord's palace is told of the brutal suicide of another ronin who previously visited, he reveals how their pasts are intertwined - and in doing so challenges the clan's integrity. Harakiri
22%
9.2 2023 The real-life story of IPS Officer Manoj Kumar Sharma and IRS Officer Shraddha Joshi. 12th Fail
13%
No matching quizzes found
Score Distribution
Percent of People with Each Score
Percentile by Number Answered
Your Score History
You have not taken this quiz since the last reset